Linear Algebra (Record no. 44312)

MARC details
000 -LEADER
fixed length control field 00487nam a2200193Ia 4500
008 - FIXED-LENGTH DATA ELEMENTS--GENERAL INFORMATION
fixed length control field 220531s9999 xx 000 0 und d
020 ## - INTERNATIONAL STANDARD BOOK NUMBER
International Standard Book Number 978-93-89825-00-8
041 ## - LANGUAGE CODE
Language code of text/sound track or separate title eng
082 ## - DEWEY DECIMAL CLASSIFICATION NUMBER
Item number LIN / TAK
100 ## - MAIN ENTRY--PERSONAL NAME
Personal name Takale, K. & Others
9 (RLIN) 80137
245 ## - TITLE STATEMENT
Title Linear Algebra
250 ## - EDITION STATEMENT
Edition statement 1ST
260 ## - PUBLICATION, DISTRIBUTION, ETC. (IMPRINT)
Place of publication, distribution, etc. Pune
Name of publisher, distributor, etc. Nirali
Date of publication, distribution, etc. 2019
300 ## - PHYSICAL DESCRIPTION
Extent 114
542 ## - INFORMATION RELATING TO COPYRIGHT STATUS
Copyright holder 03-01-2020
650 ## - SUBJECT ADDED ENTRY--TOPICAL TERM
Topical term or geographic name as entry element Mathematics
9 (RLIN) 80138
906 ## - LOCAL DATA ELEMENT F, LDF (RLIN)
c F.Y.B.S.C.(Comp.)
d 2019-2020
f 18274
Holdings
Withdrawn status Lost status Source of classification or shelving scheme Damaged status Not for loan Collection code Home library Current library Date acquired Vendor Cost, normal purchase price Total Checkouts Total Holds Full call number Barcode Date last seen Cost, replacement price Bill Date Koha item type Original Barcode Date last checked out
    Dewey Decimal Classification       Shri Siddhivinayak Mahila Mahavidyalaya Shri Siddhivinayak Mahila Mahavidyalaya 03/01/2020 Nirali 120.00   5 /LIN/TAK/B/22814 SSMM-BK-22814 06/08/2022 120.00 06/08/2022 Books 010022814  
    Dewey Decimal Classification       Shri Siddhivinayak Mahila Mahavidyalaya Shri Siddhivinayak Mahila Mahavidyalaya 03/01/2020 Nirali 120.00 1 5 /LIN/TAK/B/22815 SSMM-BK-22815 09/10/2024 120.00 06/08/2022 Books 010022815 08/10/2024
    Dewey Decimal Classification       Shri Siddhivinayak Mahila Mahavidyalaya Shri Siddhivinayak Mahila Mahavidyalaya 03/01/2020 Nirali 120.00   5 /LIN/TAK/B/22816 SSMM-BK-22816 06/08/2022 120.00 06/08/2022 Books 010022816  
    Dewey Decimal Classification       Shri Siddhivinayak Mahila Mahavidyalaya Shri Siddhivinayak Mahila Mahavidyalaya 03/01/2020 Nirali 120.00   5 /LIN/TAK/B/22817 SSMM-BK-22817 06/08/2022 120.00 06/08/2022 Books 010022817  
    Dewey Decimal Classification       Shri Siddhivinayak Mahila Mahavidyalaya Shri Siddhivinayak Mahila Mahavidyalaya 03/01/2020 Nirali 120.00   5 /LIN/TAK/B/22818 SSMM-BK-22818 06/08/2022 120.00 06/08/2022 Books 010022818